[Event "DVM U14 2020"]
[Site "Willingen GER"]
[Date "2021.06.25"]
[Round "3"]
[White "Krömer, Emanuel"]
[Black "Römer, Alois"]
[Result "1/2-1/2"]
[Termination "normal"]
[Board "6.3"]
[WhiteElo "1388"]
[BlackElo "1498"]
[WhiteClock "01:31:59"]
[BlackClock "01:31:42"]
[WhiteTeam "SSV Vimaria 91 Weimar"]
[BlackTeam "Schachfreunde Brackel 1930 e. V."]
[PlyCount "72"]
[WhiteFideId "16287070"]
[BlackFideId "16255607"]
[EventCountry "GER"]
[EventRounds "7"]
[EventType "team-swiss"]
[EventDate "2021.06.23"]

1. d4 d5 2. Nf3 Nf6 3. e3 c5 4. b3 Nc6 5. Bb2 Bf5 6. Bd3 Bxd3 7. Qxd3 e6 8. O-O
Be7 9. c4 O-O 10. Nbd2 Rc8 11. Rac1 a6 12. dxc5 Bxc5 13. cxd5 Nb4 14. Qb1 Nbxd5
15. Rfd1 Qe7 16. Ne4 Nxe4 17. Qxe4 Nf6 18. Bxf6 gxf6 19. Qa4 Rfd8 20. h3 Rxd1+
21. Rxd1 Rd8 22. Qg4+ Kh8 23. Rxd8+ Qxd8 24. Nd4 Bxd4 25. Qxd4 Qe7 26. a4 Kg7
27. b4 Qxb4 28. a5 Qe7 29. g4 e5 30. Qc5 Qd7 31. Kh2 Qd2 32. Kg2 Qd7 33. Kg3
Kg6 34. h4 Qd1 35. Qf8 Qg1+ 36. Kh3 Qh1+ 1/2-1/2

[Event "DVM U14 2020"]
[Site "Willingen GER"]
[Date "2021.06.25"]
[Round "3"]
[White "Lerchl, Clemens"]
[Black "Neuber, Pascal"]
[Result "1-0"]
[Termination "normal"]
[Board "7.2"]
[WhiteElo "1711"]
[BlackElo "1812"]
[WhiteClock "01:02:15"]
[BlackClock "00:57:07"]
[WhiteTeam "Schach-Club Vaterstetten-Grasbrunn"]
[BlackTeam "USV Halle"]
[PlyCount "41"]
[WhiteFideId "16226372"]
[BlackFideId "16227611"]
[EventCountry "GER"]
[EventRounds "7"]
[EventType "team-swiss"]
[EventDate "2021.06.23"]

1. e4 {[%clk 1:30:57]} 1... c5 {[%clk 1:30:57]} 2. Nf3 {[%clk 1:31:20]} 2... e6
{[%clk 1:31:25]} 3. d4 {[%clk 1:31:44]} 3... cxd4 {[%clk 1:31:52]} 4. Nxd4 {
[%clk 1:32:05]} 4... Nf6 {[%clk 1:32:20]} 5. Nc3 {[%clk 1:32:21]} 5... Nc6 {
[%clk 1:32:48]} 6. Ndb5 {[%clk 1:32:03]} 6... Bb4 {[%clk 1:33:11]} 7. a3 {
[%clk 1:31:59]} 7... Bxc3+ {[%clk 1:33:37]} 8. Nxc3 {[%clk 1:32:23]} 8... d5 {
[%clk 1:34:02]} 9. exd5 {[%clk 1:32:40]} 9... exd5 {[%clk 1:34:32]} 10. Bg5 {
[%clk 1:32:12]} 10... d4 {[%clk 1:33:57]} 11. Ne4 {[%clk 1:27:00]} 11... Qa5+ {
[%clk 1:32:27]} 12. Bd2 {[%clk 1:17:42]} 12... Qe5 {[%clk 1:31:19]} 13. Bd3 {
[%clk 1:14:16]} 13... Nxe4 {[%clk 1:11:10]} 14. O-O {[%clk 1:14:28]} 14... O-O
{[%clk 1:07:46]} 15. Re1 {[%clk 1:13:10]} 15... Nxf2 {[%clk 1:02:37]} 16. Kxf2
{[%clk 1:12:00]} 16... Qc7 {[%clk 0:59:51]} 17. Qh5 {[%clk 1:06:53]} 17... g6 {
[%clk 1:00:06]} 18. Qh6 {[%clk 1:06:34]} 18... Ne5 {[%clk 0:58:22]} 19. Kg1 {
[%clk 1:01:28]} 19... Nxd3 {[%clk 0:56:44]} 20. Qxf8+ {[%clk 1:01:49]} 20...
Kxf8 {[%clk 0:57:07]} 21. Bh6+ {[%clk 1:02:15]} 1-0

[Event "DVM U14 2020"]
[Site "Willingen GER"]
[Date "2021.06.25"]
[Round "3"]
[White "Polzin, Gustav"]
[Black "Popovici, Liviu-Daniel"]
[Result "1-0"]
[Termination "normal"]
[Board "7.3"]
[WhiteElo "1566"]
[BlackElo "1505"]
[WhiteClock "00:37:53"]
[BlackClock "00:05:57"]
[WhiteTeam "USV Halle"]
[BlackTeam "Schach-Club Vaterstetten-Grasbrunn"]
[PlyCount "73"]
[WhiteFideId "34603280"]
[BlackFideId "1253689"]
[EventCountry "GER"]
[EventRounds "7"]
[EventType "team-swiss"]
[EventDate "2021.06.23"]

1. e4 {[%clk 1:30:57]} 1... c5 {[%clk 1:30:53]} 2. Nf3 {[%clk 1:31:21]} 2... d6
{[%clk 1:31:14]} 3. d4 {[%clk 1:31:43]} 3... cxd4 {[%clk 1:31:29]} 4. Nxd4 {
[%clk 1:32:04]} 4... Nf6 {[%clk 1:31:48]} 5. Nc3 {[%clk 1:32:25]} 5... a6 {
[%clk 1:31:32]} 6. f3 {[%clk 1:32:47]} 6... e5 {[%clk 1:30:28]} 7. Nb3 { [%clk
1:31:55]} 7... Be6 {[%clk 1:29:56]} 8. Be3 {[%clk 1:32:00]} 8... Be7 { [%clk
1:29:03]} 9. Qd2 {[%clk 1:29:14]} 9... Nbd7 {[%clk 1:27:51]} 10. g4 { [%clk
1:29:35]} 10... h6 {[%clk 1:25:42]} 11. O-O-O {[%clk 1:28:53]} 11... Rc8 {[%clk
1:23:58]} 12. Nd5 {[%clk 1:28:50]} 12... Bxd5 {[%clk 1:23:08]} 13. exd5 {[%clk
1:29:05]} 13... Qc7 {[%clk 1:21:53]} 14. Kb1 {[%clk 1:25:42]} 14... Nb6 {[%clk
1:20:25]} 15. Bxb6 15... Qxb6 {[%clk 1:20:44]} 16. Bd3 {[%clk 1:25:43]} 16...
Nd7 {[%clk 1:11:35]} 17. h4 {[%clk 1:17:14]} 17... g6 {[%clk 1:05:47]} 18. h5
{[%clk 1:10:38]} 18... g5 {[%clk 1:03:10]} 19. Bf5 {[%clk 1:10:21]} 19... Qc7
{[%clk 0:59:44]} 20. Rhe1 {[%clk 1:06:46]} 20... Rb8 {[%clk 0:54:25]} 21. Re3
{[%clk 1:06:50]} 21... Bf6 {[%clk 0:44:06]} 22. Qb4 {[%clk 1:03:36]} 22... Be7
{[%clk 0:34:49]} 23. Rc3 {[%clk 0:59:39]} 23... Qd8 {[%clk 0:30:52]} 24. a3
{[%clk 0:55:11]} 24... Rg8 {[%clk 0:26:45]} 25. Ka2 {[%clk 0:50:36]} 25... Rh8
{[%clk 0:24:36]} 26. Qe4 {[%clk 0:48:25]} 26... Nf6 {[%clk 0:22:14]} 27. Qa4+
{[%clk 0:48:41]} 27... Kf8 {[%clk 0:20:56]} 28. Na5 {[%clk 0:46:45]} 28... Qb6
{[%clk 0:15:50]} 29. Rb3 {[%clk 0:43:07]} 29... Qf2 {[%clk 0:13:16]} 30. Nc6
{[%clk 0:42:30]} 30... Re8 {[%clk 0:12:34]} 31. Rxb7 {[%clk 0:40:12]} 31...
Qxf3 {[%clk 0:11:59]} 32. Rd3 {[%clk 0:40:28]} 32... Qf4 {[%clk 0:10:18]} 33.
Rb4 {[%clk 0:40:02]} 33... Qf2 {[%clk 0:09:16]} 34. Qxa6 {[%clk 0:37:15]} 34...
Qg2 {[%clk 0:08:31]} 35. Nxe7 {[%clk 0:37:31]} 35... Rxe7 {[%clk 0:08:22] } 36.
Qxd6 {[%clk 0:37:53]} 36... Qxc2 {[%clk 0:05:57]} 37. Qxf6 1-0

[Event "DVM U14 2020"]
[Site "Willingen GER"]
[Date "2021.06.25"]
[Round "3"]
[White "Karpen, Jakob"]
[Black "Knüpfer, Johannes"]
[Result "1-0"]
[Termination "normal"]
[Board "7.4"]
[WhiteElo "1365"]
[BlackElo "1238"]
[WhiteClock "01:05:51"]
[BlackClock "00:30:48"]
[WhiteTeam "Schach-Club Vaterstetten-Grasbrunn"]
[BlackTeam "USV Halle"]
[PlyCount "66"]
[WhiteFideId "16255453"]
[BlackFideId "34605967"]
[EventCountry "GER"]
[EventRounds "7"]
[EventType "team-swiss"]
[EventDate "2021.06.23"]

1. d4 {[%clk 1:30:42]} 1... d5 {[%clk 1:30:57]} 2. c4 {[%clk 1:30:57]} 2... e6
{[%clk 1:31:23]} 3. e3 {[%clk 1:31:19]} 3... Nf6 {[%clk 1:31:47]} 4. Nf3 {
[%clk 1:31:42]} 4... Be7 {[%clk 1:32:10]} 5. Nc3 {[%clk 1:32:06]} 5... O-O {
[%clk 1:32:28]} 6. Bd3 {[%clk 1:32:19]} 6... dxc4 {[%clk 1:32:41]} 7. Bxc4 {
[%clk 1:32:43]} 7... a6 {[%clk 1:33:06]} 8. O-O {[%clk 1:32:47]} 8... b5 {
[%clk 1:33:33]} 9. Bd3 {[%clk 1:32:59]} 9... Bb7 {[%clk 1:33:56]} 10. a4 {
[%clk 1:33:16]} 10... b4 {[%clk 1:33:17]} 11. Na2 {[%clk 1:33:22]} 11... a5 {
[%clk 1:33:36]} 12. b3 {[%clk 1:33:10]} 12... c5 {[%clk 1:30:34]} 13. Bb2 {
[%clk 1:31:11]} 13... Nc6 {[%clk 1:29:31]} 14. Rc1 {[%clk 1:30:29]} 14... cxd4
{[%clk 1:23:53]} 15. Nxd4 {[%clk 1:28:29]} 15... Nxd4 {[%clk 1:20:37]} 16. Bxd4
{[%clk 1:26:56]} 16... Qd5 {[%clk 1:20:25]} 17. f3 {[%clk 1:26:46]} 17... Rfd8
{[%clk 1:10:48]} 18. Bc4 {[%clk 1:21:50]} 18... Qh5 {[%clk 1:09:08]} 19. Qe2 {
[%clk 1:17:03]} 19... Bd6 {[%clk 1:01:26]} 20. g3 {[%clk 1:16:23]} 20... e5 {
[%clk 0:52:54]} 21. Bb6 {[%clk 1:14:22]} 21... Rdc8 {[%clk 0:52:56]} 22. e4 {
[%clk 1:14:29]} 22... Nd7 {[%clk 0:49:58]} 23. Be3 {[%clk 1:12:29]} 23... Bc5 {
[%clk 0:48:57]} 24. Bb5 {[%clk 1:10:12]} 24... Bxe3+ {[%clk 0:40:10]} 25. Qxe3
{[%clk 1:09:38]} 25... Rd8 {[%clk 0:38:46]} 26. Rc7 {[%clk 1:09:34]} 26... Bc8
{[%clk 0:38:50]} 27. Rd1 {[%clk 1:09:22]} 27... f6 {[%clk 0:35:20]} 28. Bxd7 {
[%clk 1:08:57]} 28... Qf7 {[%clk 0:35:44]} 29. Qd3 {[%clk 1:08:52]} 29... Kf8 {
[%clk 0:31:44]} 30. Bxc8 {[%clk 1:05:18]} 30... Rxd3 {[%clk 0:29:57]} 31. Rxf7+
31... Kxf7 {[%clk 0:30:20]} 32. Rxd3 {[%clk 1:05:37]} 32... Rxc8 { [%clk
0:30:48]} 33. Rd2 {[%clk 1:05:51]} 33... Rc3 1-0

[Event "DVM U14 2020"]
[Site "Willingen GER"]
[Date "2021.06.25"]
[Round "3"]
[White "Klein, Maxim"]
[Black "Elstner, Florian"]
[Result "1/2-1/2"]
[Termination "normal"]
[Board "8.1"]
[WhiteElo "1436"]
[BlackElo "1526"]
[WhiteClock "01:08:34"]
[BlackClock "00:11:48"]
[WhiteTeam "FC Ergolding 1932 e.V."]
[BlackTeam "Schachklub König Plauen"]
[PlyCount "59"]
[WhiteFideId "16281632"]
[BlackFideId "16247264"]
[EventCountry "GER"]
[EventRounds "7"]
[EventType "team-swiss"]
[EventDate "2021.06.23"]

1. d4 {[%clk 1:30:55]} 1... d5 {[%clk 1:30:55]} 2. Nf3 {[%clk 1:30:52]} 2...
Nf6 {[%clk 1:31:17]} 3. c4 {[%clk 1:31:05]} 3... c6 {[%clk 1:31:37]} 4. Nc3 {
[%clk 1:30:59]} 4... e6 {[%clk 1:31:48]} 5. Bg5 {[%clk 1:30:31]} 5... Nbd7 {
[%clk 1:31:01]} 6. cxd5 {[%clk 1:30:17]} 6... exd5 {[%clk 1:31:06]} 7. e3 {
[%clk 1:28:04]} 7... Be7 {[%clk 1:31:26]} 8. Be2 {[%clk 1:26:35]} 8... O-O {
[%clk 1:31:41]} 9. O-O {[%clk 1:26:56]} 9... Ne4 {[%clk 1:28:05]} 10. Bxe7 {
[%clk 1:25:25]} 10... Qxe7 {[%clk 1:28:26]} 11. Bd3 {[%clk 1:23:15]} 11... f5 {
[%clk 1:25:44]} 12. Nd2 {[%clk 1:23:03]} 12... Ndf6 {[%clk 1:24:15]} 13. Qe2 {
[%clk 1:21:34]} 13... Bd7 {[%clk 1:16:32]} 14. f3 {[%clk 1:19:41]} 14... Nd6 {
[%clk 1:13:10]} 15. e4 {[%clk 1:19:04]} 15... fxe4 {[%clk 1:11:59]} 16. fxe4 {
[%clk 1:19:25]} 16... dxe4 {[%clk 1:10:34]} 17. Ncxe4 {[%clk 1:18:42]} 17...
Nfxe4 {[%clk 1:03:29]} 18. Nxe4 {[%clk 1:18:35]} 18... Nxe4 {[%clk 0:50:23]}
19. Qxe4 {[%clk 1:18:08]} 19... Qxe4 {[%clk 0:48:16]} 20. Bxe4 {[%clk 1:18:35]}
20... Rxf1+ {[%clk 0:48:26]} 21. Rxf1 {[%clk 1:18:55]} 21... Be6 { [%clk
0:47:52]} 22. a3 {[%clk 1:19:01]} 22... Rd8 {[%clk 0:48:12]} 23. Rd1 { [%clk
1:18:29]} 23... h6 {[%clk 0:38:49]} 24. Kf2 {[%clk 1:17:55]} 24... Bc4 { [%clk
0:21:37]} 25. Ke3 {[%clk 1:09:14]} 25... Re8 {[%clk 0:18:49]} 26. Kf4 { [%clk
1:08:22]} 26... g5+ {[%clk 0:17:19]} 27. Kf3 {[%clk 1:08:08]} 27... Rd8 { [%clk
0:15:41]} 28. Ke3 {[%clk 1:08:15]} 28... Re8 {[%clk 0:15:37]} 29. Kf3 { [%clk
1:08:22]} 29... Rd8 {[%clk 0:11:48]} 30. Ke3 {[%clk 1:08:34]} 1/2-1/2

[Event "DVM U14 2020"]
[Site "Willingen GER"]
[Date "2021.06.25"]
[Round "3"]
[White "Melestean, Timur"]
[Black "Helmbrecht, Paul"]
[Result "1-0"]
[Termination "normal"]
[Board "8.2"]
[WhiteElo "1502"]
[BlackElo "1531"]
[WhiteClock "00:41:34"]
[BlackClock "00:11:19"]
[WhiteTeam "Schachklub König Plauen"]
[BlackTeam "FC Ergolding 1932 e.V."]
[PlyCount "105"]
[WhiteFideId "16280385"]
[BlackFideId "16270932"]
[EventCountry "GER"]
[EventRounds "7"]
[EventType "team-swiss"]
[EventDate "2021.06.23"]

1. c4 {[%clk 1:30:30]} 1... c6 {[%clk 1:30:50]} 2. d4 {[%clk 1:30:27]} 2... d5
{[%clk 1:31:15]} 3. Nc3 {[%clk 1:30:45]} 3... e6 {[%clk 1:31:29]} 4. Nf3 {
[%clk 1:31:04]} 4... f5 {[%clk 1:31:35]} 5. Bg5 {[%clk 1:31:02]} 5... Nf6 {
[%clk 1:31:48]} 6. e3 {[%clk 1:31:11]} 6... Bd6 {[%clk 1:31:52]} 7. Be2 { [%clk
1:30:25]} 7... Nbd7 {[%clk 1:31:54]} 8. c5 {[%clk 1:30:13]} 8... Bc7 { [%clk
1:30:36]} 9. b4 {[%clk 1:29:55]} 9... b5 {[%clk 1:28:17]} 10. cxb6 { [%clk
1:29:32]} 10... axb6 {[%clk 1:28:29]} 11. O-O {[%clk 1:29:33]} 11... O-O {[%clk
1:22:33]} 12. Qb3 {[%clk 1:28:33]} 12... c5 {[%clk 1:13:31]} 13. bxc5 { [%clk
1:28:36]} 13... bxc5 {[%clk 1:13:49]} 14. dxc5 {[%clk 1:29:02]} 14... Nxc5
{[%clk 1:14:04]} 15. Qc2 {[%clk 1:29:04]} 15... Ba6 {[%clk 1:08:12]} 16. Bxa6
{[%clk 1:29:09]} 16... Nxa6 {[%clk 1:08:35]} 17. Nb5 {[%clk 1:25:47]} 17... Rc8
{[%clk 1:06:06]} 18. Qe2 {[%clk 1:24:26]} 18... Bb6 {[%clk 0:53:41]} 19. Bxf6
{[%clk 1:24:04]} 19... Qxf6 {[%clk 0:52:05]} 20. Rab1 {[%clk 1:20:31]} 20...
Rc6 {[%clk 0:46:16]} 21. h3 {[%clk 1:15:32]} 21... e5 {[%clk 0:42:45]} 22. Rfd1
{[%clk 1:14:24]} 22... Rd8 {[%clk 0:39:03]} 23. Nc3 {[%clk 0:58:23]} 23... Nc7
{[%clk 0:33:43]} 24. Na4 {[%clk 0:53:07]} 24... Rdd6 {[%clk 0:28:35]} 25. Nxb6
{[%clk 0:53:14]} 25... Rxb6 {[%clk 0:28:56]} 26. Rxb6 {[%clk 0:53:36]} 26...
Rxb6 {[%clk 0:29:06]} 27. Qc2 {[%clk 0:53:41]} 27... Rc6 {[%clk 0:28:27]} 28.
Qb2 {[%clk 0:53:38]} 28... e4 {[%clk 0:17:48]} 29. Nd4 {[%clk 0:53:48]} 29...
Rb6 {[%clk 0:17:23]} 30. Qc2 {[%clk 0:54:10]} 30... Ne6 {[%clk 0:15:57]} 31.
Qc8+ {[%clk 0:53:24]} 31... Kf7 {[%clk 0:14:41]} 32. Qd7+ {[%clk 0:53:35]}
32... Kg6 {[%clk 0:14:25]} 33. Qxd5 {[%clk 0:51:23]} 33... Nxd4 34. Rxd4 {
[%clk 0:43:44]} 34... Rb1+ {[%clk 0:13:53]} 35. Kh2 {[%clk 0:42:27]} 35... Rb2
{[%clk 0:14:12]} 36. Rd2 {[%clk 0:41:46]} 36... Rxd2 {[%clk 0:14:30]} 37. Qxd2
{[%clk 0:42:08]} 37... Qe5+ {[%clk 0:14:02]} 38. g3 {[%clk 0:42:16]} 38... Qc5
{[%clk 0:13:22]} 39. a4 {[%clk 0:42:30]} 39... Qb6 {[%clk 0:12:46]} 40. Kg2 {
[%clk 0:42:15]} 40... Qa6 {[%clk 0:12:16]} 41. a5 {[%clk 0:42:38]} 41... Kf6 {
[%clk 0:11:39]} 42. Qd8+ {[%clk 0:42:55]} 42... Kf7 {[%clk 0:11:47]} 43. Qd7+ {
[%clk 0:43:07]} 43... Kf6 {[%clk 0:12:02]} 44. Qd4+ {[%clk 0:43:10]} 44... Kf7
{[%clk 0:12:22]} 45. Qc5 {[%clk 0:43:30]} 45... g6 {[%clk 0:12:26]} 46. g4 {
[%clk 0:43:24]} 46... Qe2 {[%clk 0:12:24]} 47. Qd5+ {[%clk 0:43:21]} 47... Kg7
{[%clk 0:12:03]} 48. Qe5+ {[%clk 0:43:02]} 48... Kg8 {[%clk 0:11:55]} 49. Qg3 {
[%clk 0:42:24]} 49... Qa6 {[%clk 0:11:50]} 50. gxf5 {[%clk 0:40:45]} 50... Qxa5
{[%clk 0:12:07]} 51. fxg6 {[%clk 0:41:10]} 51... h5 {[%clk 0:12:03]} 52. Qf4 {
[%clk 0:41:18]} 52... Qd5 {[%clk 0:11:19]} 53. Qf7+ {[%clk 0:41:34]} 1-0

[Event "DVM U14 2020"]
[Site "Willingen GER"]
[Date "2021.06.25"]
[Round "3"]
[White "Lichtinger, Simon"]
[Black "Atze, Reinhard"]
[Result "1-0"]
[Termination "normal"]
[Board "8.3"]
[WhiteElo "1401"]
[BlackElo "1358"]
[WhiteClock "00:14:31"]
[BlackClock "00:20:01"]
[WhiteTeam "FC Ergolding 1932 e.V."]
[BlackTeam "Schachklub König Plauen"]
[PlyCount "43"]
[WhiteFideId "16230442"]
[BlackFideId "12995665"]
[EventCountry "GER"]
[EventRounds "7"]
[EventType "team-swiss"]
[EventDate "2021.06.23"]

1. Nf3 {[%clk 1:30:57]} 1... d5 {[%clk 1:30:18]} 2. g3 {[%clk 1:31:17]} 2...
Nf6 {[%clk 1:28:55]} 3. Bg2 {[%clk 1:31:30]} 3... e6 {[%clk 1:28:50]} 4. O-O {
[%clk 1:31:40]} 4... c5 {[%clk 1:26:14]} 5. d3 {[%clk 1:31:54]} 5... Nc6 {
[%clk 1:25:32]} 6. Nbd2 {[%clk 1:31:48]} 6... Bd6 {[%clk 1:22:30]} 7. Re1 {
[%clk 1:31:30]} 7... h5 {[%clk 1:17:42]} 8. e4 {[%clk 1:31:31]} 8... Qc7 {
[%clk 1:12:31]} 9. Ng5 {[%clk 1:21:36]} 9... d4 {[%clk 1:00:49]} 10. Nc4 {
[%clk 1:18:43]} 10... Be7 {[%clk 0:58:49]} 11. e5 {[%clk 1:07:07]} 11... Nd7 {
[%clk 0:56:46]} 12. Qf3 {[%clk 1:05:02]} 12... Ndxe5 {[%clk 0:44:06]} 13. Nxe5
{[%clk 1:01:13]} 13... Nxe5 {[%clk 0:44:18]} 14. Rxe5 {[%clk 1:00:48]} 14...
Qxe5 {[%clk 0:44:02]} 15. Qxf7+ {[%clk 0:52:42]} 15... Kd8 {[%clk 0:43:48]} 16.
Bf4 {[%clk 0:51:00]} 16... Qe2 {[%clk 0:34:21]} 17. Bf3 {[%clk 0:43:46]} 17...
Qxc2 {[%clk 0:34:17]} 18. Rc1 {[%clk 0:33:12]} 18... Qxb2 {[%clk 0:26:02]} 19.
Rxc5 {[%clk 0:32:22]} 19... Qxa2 {[%clk 0:25:09]} 20. Qxg7 {[%clk 0:19:20]}
20... Rf8 {[%clk 0:22:47]} 21. Qxd4+ {[%clk 0:14:49]} 21... Bd7 {[%clk 0:20:01]
} 22. Rc7 {[%clk 0:14:31]} 1-0

[Event "DVM U14 2020"]
[Site "Willingen GER"]
[Date "2021.06.25"]
[Round "3"]
[White "Bühring, Marwin"]
[Black "Huber, Laura"]
[Result "1/2-1/2"]
[Termination "normal"]
[Board "8.4"]
[WhiteElo "1356"]
[BlackElo "1249"]
[WhiteClock "00:18:54"]
[BlackClock "00:24:58"]
[WhiteTeam "Schachklub König Plauen"]
[BlackTeam "FC Ergolding 1932 e.V."]
[PlyCount "97"]
[WhiteFideId "16281985"]
[BlackFideId "16270940"]
[EventCountry "GER"]
[EventRounds "7"]
[EventType "team-swiss"]
[EventDate "2021.06.23"]

1. e4 {[%clk 1:30:58]} 1... e5 {[%clk 1:30:54]} 2. Nf3 {[%clk 1:31:24]} 2...
Nc6 {[%clk 1:31:16]} 3. d4 {[%clk 1:31:52]} 3... exd4 {[%clk 1:31:35]} 4. Bc4 {
[%clk 1:32:19]} 4... h6 {[%clk 1:15:11]} 5. O-O {[%clk 1:31:40]} 5... Bc5 {
[%clk 1:13:57]} 6. c3 {[%clk 1:31:48]} 6... dxc3 {[%clk 1:13:13]} 7. Bxf7+ {
[%clk 1:31:49]} 7... Kxf7 {[%clk 1:11:59]} 8. Qd5+ {[%clk 1:32:14]} 8... Ke8 {
[%clk 1:11:31]} 9. Qh5+ {[%clk 1:29:03]} 9... Kf8 {[%clk 1:08:49]} 10. Qxc5+ {
[%clk 1:29:04]} 10... d6 {[%clk 1:08:22]} 11. Qxc3 {[%clk 1:28:56]} 11... Be6 {
[%clk 1:08:04]} 12. b3 {[%clk 1:28:02]} 12... Qf6 {[%clk 1:07:27]} 13. Bb2 {
[%clk 1:27:22]} 13... Qxc3 {[%clk 1:05:34]} 14. Nxc3 {[%clk 1:26:26]} 14... Bg4
{[%clk 0:33:58]} 15. Nh4 {[%clk 1:16:53]} 15... Nge7 {[%clk 0:33:32]} 16. Nd5 {
[%clk 1:11:47]} 16... Rc8 {[%clk 0:26:18]} 17. Nf4 {[%clk 1:06:07]} 17... Kf7 {
[%clk 0:23:19]} 18. h3 {[%clk 0:52:57]} 18... Bd7 {[%clk 0:20:12]} 19. Nd3 {
[%clk 0:49:18]} 19... Rhd8 {[%clk 0:16:27]} 20. f4 {[%clk 0:45:06]} 20... d5 {
[%clk 0:13:54]} 21. e5 {[%clk 0:39:54]} 21... Nf5 {[%clk 0:13:24]} 22. Nf3 {
[%clk 0:31:38]} 22... Ne3 {[%clk 0:12:10]} 23. Rf2 {[%clk 0:23:21]} 23... Bf5 {
[%clk 0:11:49]} 24. Re1 {[%clk 0:21:47]} 24... Nxg2 {[%clk 0:11:40]} 25. Rxg2 {
[%clk 0:18:36]} 25... Bxd3 {[%clk 0:12:08]} 26. e6+ {[%clk 0:18:57]} 26... Ke7
{[%clk 0:10:08]} 27. Rxg7+ {[%clk 0:18:56]} 27... Kd6 {[%clk 0:09:58]} 28. Ba3+
{[%clk 0:19:01]} 28... Nb4 {[%clk 0:09:52]} 29. Bxb4+ {[%clk 0:19:24]} 29... c5
{[%clk 0:10:08]} 30. Bd2 {[%clk 0:09:34]} 30... Be4 {[%clk 0:10:26]} 31. e7 {
[%clk 0:08:56]} 31... Rg8 {[%clk 0:09:55]} 32. Rxg8 {[%clk 0:08:54]} 32...
Rxg8+ {[%clk 0:10:23]} 33. Kf2 {[%clk 0:09:17]} 33... Kxe7 {[%clk 0:10:19]} 34.
Rg1 {[%clk 0:09:05]} 34... Rf8 {[%clk 0:09:26]} 35. Rg7+ {[%clk 0:08:38]} 35...
Rf7 {[%clk 0:09:53]} 36. Rxf7+ {[%clk 0:08:33]} 36... Kxf7 {[%clk 0:10:22]} 37.
Ne5+ {[%clk 0:08:52]} 37... Ke6 {[%clk 0:10:23]} 38. Ke3 {[%clk 0:07:52]} 38...
Bb1 {[%clk 0:10:33]} 39. a3 {[%clk 0:07:21]} 39... Bf5 {[%clk 0:10:39]} 40. h4
{[%clk 0:07:02]} 40... Bc2 {[%clk 0:10:01]} 41. Nd3 {[%clk 0:04:18]} 41... b6 {
[%clk 0:09:41]} 42. b4 {[%clk 0:03:16]} 42... d4+ {[%clk 0:09:00]} 43. Ke2 {
[%clk 0:03:40]} 43... c4 {[%clk 0:08:40]} 44. Ne5 {[%clk 0:30:19]} 44... c3 {
[%clk 0:37:21]} 45. Be1 {[%clk 0:26:20]} 45... Be4 {[%clk 0:33:16]} 46. Bf2 {
[%clk 0:21:13]} 46... Kd5 {[%clk 0:24:58]} 47. Be1 {[%clk 0:18:54]} 47... Ke6
48. Bf2 Kd5 49. Be1 1/2-1/2

[Event "DVM U14 2020"]
[Site "Willingen GER"]
[Date "2021.06.25"]
[Round "3"]
[White "Abou Wally, Adrian"]
[Black "Kvantaliani, Saba"]
[Result "1-0"]
[Termination "normal"]
[Board "9.1"]
[WhiteElo "1482"]
[BlackElo "1535"]
[WhiteTeam "SV Schott Jena"]
[BlackTeam "Schachklub Münster 32 e. V."]
[PlyCount "87"]
[WhiteFideId "16245113"]
[BlackFideId "16284364"]
[EventCountry "GER"]
[EventRounds "7"]
[EventType "team-swiss"]
[EventDate "2021.06.23"]

1. e4 c5 2. Nc3 d6 3. Bb5+ Bd7 4. d3 g6 5. Nf3 Bg7 6. Bxd7+ Qxd7 7. O-O Nc6 8.
Bd2 Nf6 9. Qc1 O-O 10. Bh6 a6 11. Bxg7 Kxg7 12. Re1 e5 13. Qd2 Nh5 14. Nd5 Rad8
15. Nb6 Qe8 16. Nd5 Ne7 17. Nxe7 Qxe7 18. Qg5 Qe6 19. c3 h6 20. Qe3 Nf4 21. d4
Qg4 22. g3 f5 23. dxe5 Nh3+ 24. Kg2 fxe4 25. Qxe4 Rf4 26. Qxb7+ Rd7 27. Qd5
Rdf7 28. Re3 Ng5 29. e6 Nxe6 30. Qxe6 Qxe6 31. Rxe6 Rxf3 32. Rf1 R7f6 33. Rxf6
Rxf6 34. Re1 Kf7 35. f4 c4 36. Kf3 d5 37. Re5 Rb6 38. Re2 a5 39. g4 Kf6 40. h4
a4 41. a3 Rb3 42. Ke3 h5 43. g5+ Kf5 44. Kf3 1-0

[Event "DVM U14 2020"]
[Site "Willingen GER"]
[Date "2021.06.25"]
[Round "3"]
[White "Bergeret Busse, Julian"]
[Black "Link, Moritz"]
[Result "1/2-1/2"]
[Termination "normal"]
[Board "9.2"]
[WhiteElo "1466"]
[BlackElo "1540"]
[WhiteTeam "Schachklub Münster 32 e. V."]
[BlackTeam "SV Schott Jena"]
[PlyCount "58"]
[WhiteFideId "16298446"]
[BlackFideId "34605924"]
[EventCountry "GER"]
[EventRounds "7"]
[EventType "team-swiss"]
[EventDate "2021.06.23"]

1. e4 e5 2. Nf3 Nc6 3. Bc4 Bc5 4. d3 Nf6 5. O-O O-O 6. Re1 d6 7. c3 Be6 8. Bb3
Re8 9. Nbd2 Qd7 10. Nf1 Ng4 11. Be3 Nxe3 12. fxe3 Bg4 13. Ng3 Kh8 14. d4 Bb6
15. h3 Bxf3 16. Qxf3 f6 17. Nf5 Ne7 18. Nh6 d5 19. exd5 e4 20. Nf7+ Kg8 21. Qh5
Qf5 22. Qh4 Ng6 23. Qh6 Kxf7 24. d6+ Re6 25. g4 Qf3 26. Qxh7 Rh8 27. Bxe6+ Kxe6
28. Qxg6 Qg3+ 29. Kf1 Qf3+ 1/2-1/2

[Event "DVM U14 2020"]
[Site "Willingen GER"]
[Date "2021.06.25"]
[Round "3"]
[White "Wagner, Alexander"]
[Black "Elshof, Torge"]
[Result "0-1"]
[Termination "normal"]
[Board "9.3"]
[WhiteElo "1522"]
[BlackElo "1281"]
[WhiteTeam "SV Schott Jena"]
[BlackTeam "Schachklub Münster 32 e. V."]
[PlyCount "72"]
[BlackFideId "16261291"]
[EventCountry "GER"]
[EventRounds "7"]
[EventType "team-swiss"]
[EventDate "2021.06.23"]

1. e4 c5 2. Nf3 d6 3. d4 cxd4 4. Nxd4 Nf6 5. Nc3 g6 6. Bg5 Bg7 7. f4 O-O 8. Qd2
Nc6 9. Nf3 Qb6 10. O-O-O Nxe4 11. Qd3 Nf2 12. Qe2 Nxd1 13. Qxd1 Bxc3 14. bxc3
Qe3+ 15. Kb2 f6 16. Bh6 Re8 17. Bc4+ Be6 18. Re1 Qb6+ 19. Bb3 Bxb3 20. cxb3
Rad8 21. h4 d5 22. Qd3 e5 23. fxe5 Nxe5 24. Nxe5 Rxe5 25. Be3 Qe6 26. Kc2 Re8
27. Kd2 f5 28. g3 Re4 29. Re2 a6 30. Re1 h6 31. Qe2 Qe5 32. Qf3 d4 33. Bxd4
Rxd4+ 34. cxd4 Qxe1+ 35. Kc2 Rc8+ 36. Kd3 Rc3# 0-1